000 01686nam0a22003251 4500
001 v19\rc\1458750
005 20250618142950.0
035 _a(NLR Aleph) 004597269
090 _a2737740
_c2737740
100 _a20060620d1875 |||y0rusy50 ca
101 0 _arus
102 _aRU
105 _ay z |||||
200 1 _aТехнические производства в Туркестанском крае
_f[Соч.] М.И. Бродовского, секретаря Туркест. отд. Имп. Моск. о-ва любителей естествознания, этнографии и антропологии
_g[Предисл.: А.Л. Кун]
210 _aСанкт-Петербург
_cтип. В. Демакова
_d1875
215 _a[6], II, 99 с.
_d25
311 _aПрил. к Промысловому альбому Туркест. края сост. и изд. по распоряжению г. Туркест. ген.-губернатора генадъютанта К.П. фон Кауфман 1-го
422 0 _12001#$aПромысловый альбом Туркестанского края
_tПромысловый альбом Туркестанского края
700 1 _7ca
_8rus
_aБродовский
_bМ. И.
_cгос. чиновник
_f19 в.
_gМихаил Иванович
_9223827
_3RU\NLR\AUTH\770223883
702 1 _aКун
_bА.Л.
_gАлександр Людвигович
_4080
801 0 _aRU
_bNLR
_gpsbo
801 0 _aRU
_bRuMoRGB
_2psbo
801 1 _aRU
_bProSoft-M
_2rusmarc
852 _aNLR
_j18.114.8.289
899 _aRuMoRGB
_jC 16/172
899 _aБАН
899 _aГПИБ
899 _aНБ МГУ
942 _cBOOK
980 _aNB